=LDR 00000nam 2200000 4500 =001 INLIS000000000050463 =005 20170505080822 =035 ##$$a 0010-0517000116 =007 ta =008 170505###########################0###### =020 ##$$a 978-602-6348-54-8 =082 ##$$a 636.3 =084 ##$$a 636.3 SAH s =100 #$$a Sahda H. =245 1#$$a Sukses Pembibitan dan Pembesaran Kambing Etawa /$c Sahda H. =250 ##$$a Cet.1 =260 ##$$a Yogyakarta :$b Lumenta Publishing,$c 2016 =300 ##$$a 106 hlm. : $b Ilus ; $c 20, 5 cm. =650 ##$$a Kambing Etawa =990 ##$$a 78677867 =990 ##$$a 78677867 =990 ##$$a 31701063 =990 ##$$a 02201707867 =990 ##$$a 31701064 =990 ##$$a 31701063